[Event "8 Player Open 12"]
[Site "SchemingMind.com"]
[Date "2014.09.26"]
[Round "-"]
[White "Eric111"]
[Black "The Stonewall"]
[Result "0-1"]
[WhiteCountry "USA"]
[BlackCountry "ENG"]
[WhiteElo "1465"]
[WhiteRD "47"]
[BlackElo "2340"]
[BlackRD "98"]
[GameID "364876"]

1. c4 d6 2. d4 Nf6 3. Nc3 g6 4. Nf3 Bg7 5. e4 O-O 6. h3 Na6 7. Bg5 Qe8 8. g4 e5 9. d5 Nd7 10. Rg1 h6
11. Bh4 Kh8 12. Bg3 Ndc5 13. a3 f5 14. gxf5 gxf5 15. exf5 Bxf5 16. b4 e4 17. Kd2 exf3 18. bxc5 Nxc5 19. a4 Qe7 20. Ra2 Qg5+
21. Ke1 Bxc3+
0-1

[Event "8 Player Open 12"]
[Site "SchemingMind.com"]
[Date "2014.09.26"]
[Round "-"]
[White "The Stonewall"]
[Black "michel"]
[Result "1/2-1/2"]
[WhiteCountry "ENG"]
[BlackCountry "CAN"]
[WhiteElo "2263"]
[WhiteRD "88"]
[BlackElo "2323"]
[BlackRD "61"]
[GameID "364877"]

1. d4 Nf6 2. Bg5 c5 3. Nc3 cxd4 4. Qxd4 Nc6 5. Qh4 b5 6. e4 b4 7. Nd5 Qa5 8. Bc4 Ne5 9. Bxf6 b3+ 10. c3 gxf6
11. Bxb3 Nd3+ 12. Kd2 Nxb2 13. Nxf6+ Kd8 14. Rb1 Na4 15. Nd5 Ba6 16. Ne2 Rc8 17. Rhd1 Nc5 18. Ke1 Bd3 19. Rb2 Bxe4 20. Kf1 Rg8
21. f3 Bxd5 22. Rxd5 Ke8 23. Ba4 Qd8 24. Qxh7 Rg7 25. Qh4 e6 26. Rd4 Qxh4 27. Rxh4 Nxa4 28. Rxa4 Bc5 29. Rb5 Bb6 30. h4 f5
31. g3 Kf7 32. Kg2 Rh7 33. Kh3 Kg6 34. Nf4+ Kf6 35. c4 Be3 36. Ng2 Bf2 37. Rb2 Bc5 38. g4 e5 39. Ra6+ d6 40. Re2 fxg4+
41. fxg4 Rf7 42. Ne3 e4 43. Nf5 Ke5 44. Ra5 Rxf5 45. gxf5 Kxf5 46. Rb5 Kf4 47. Rb1 e3 48. Rg2 Rh8 49. Rf1+ Ke4=
1/2-1/2

[Event "8 Player Open 12"]
[Site "SchemingMind.com"]
[Date "2014.09.26"]
[Round "-"]
[White "michel"]
[Black "The Stonewall"]
[Result "1-0"]
[WhiteCountry "CAN"]
[BlackCountry "ENG"]
[WhiteElo "2340"]
[WhiteRD "61"]
[BlackElo "2276"]
[BlackRD "88"]
[GameID "364878"]

1. e4 c5 2. Nf3 g6 3. d4 cxd4 4. Qxd4 Nf6 5. e5 Nc6 6. Qa4 Nd5 7. Qe4 Nc7 8. Nc3 Bg7 9. Bf4 Ne6 10. Bg3 Qa5
11. O-O-O b6 12. Kb1 Bb7 13. h4 O-O-O 14. Rd5 Nc5 15. Qe3 e6 16. Rd6 Na4 17. Nxa4 Qxa4 18. Ng5 Rdf8 19. a3 Ne7 20. Rd4 Qa5
21. Ne4 Nf5 22. Nd6+ Nxd6 23. Rxd6 Rd8 24. Be2 Bxg2 25. Rhd1 Bc6 26. h5 gxh5 27. f4 Kb8 28. Bf3 Bh6 29. Bxc6
1-0

[Event "8 Player Open 12"]
[Site "SchemingMind.com"]
[Date "2014.09.26"]
[Round "-"]
[White "The Stonewall"]
[Black "ray winteringham"]
[Result "1-0"]
[WhiteCountry "ENG"]
[BlackCountry "ENG"]
[WhiteElo "2293"]
[WhiteRD "93"]
[BlackElo "1522"]
[BlackRD "52"]
[GameID "364879"]

1. e4 e5 2. Bc4 Nf6 3. d4 exd4 4. Nf3 d6 5. Qxd4 Be7 6. Nc3 a6 7. O-O O-O 8. Qd3 h6 9. a4 Bd7 10. Bf4 Nc6
11. Rad1 Qc8 12. Rfe1 Nb4 13. Qe2 Qe8 14. e5 dxe5 15. Nxe5 Bg4 16. Nxg4 Bc5 17. Nxf6+ gxf6 18. Qg4+ Kh7 19. Rxe8 Raxe8 20. Qh5
1-0

[Event "8 Player Open 12"]
[Site "SchemingMind.com"]
[Date "2014.09.26"]
[Round "-"]
[White "ray winteringham"]
[Black "The Stonewall"]
[Result "0-1"]
[WhiteCountry "ENG"]
[BlackCountry "ENG"]
[WhiteElo "1522"]
[WhiteRD "52"]
[BlackElo "2293"]
[BlackRD "93"]
[GameID "364880"]

1. e4 e6 2. d4 d5 3. e5 c5 4. c3 Bd7 5. Nf3 a6 6. Be2 cxd4 7. cxd4 Bb5 8. O-O Bxe2 9. Qxe2 Ne7 10. Bg5 Qb6
11. Nc3 Nbc6 12. Be3 Nf5 13. Rfd1 Bb4 14. a3 Bxc3 15. bxc3 Na5 16. h3 Qc7 17. Bd2 O-O 18. Ng5 Nc4 19. Qh5 h6 20. Nf3 Nxd2
21. Rxd2 Qxc3 22. Raa2 Rac8 23. Nh4 Nxd4 24. Qg4 Nb3 25. Rdc2 Qe1+ 26. Kh2 Qxe5+ 27. g3 d4 28. Qf3 Nc5 29. Rc4 Rfd8 30. Rd2 b5
31. Rb4 d3 32. Ng2 Qc3 33. Rbb2 Nb3
0-1

[Event "8 Player Open 12"]
[Site "SchemingMind.com"]
[Date "2014.09.26"]
[Round "-"]
[White "The Stonewall"]
[Black "berns"]
[Result "1-0"]
[WhiteCountry "ENG"]
[BlackCountry "ENG"]
[WhiteElo "2293"]
[WhiteRD "93"]
[BlackElo "1679"]
[BlackRD "73"]
[GameID "364881"]

1. e4 c5 2. Nc3 Nf6 3. e5 Ng8 4. Nf3 f6 5. Bc4 e6 6. O-O Nc6 7. Qe2 Nge7 8. exf6 gxf6 9. Re1 b6 10. Nh4 Bb7
11. Qh5+ Ng6 12. Nxg6 Rg8 13. Nh4+ Ke7 14. Nf5#
1-0

[Event "8 Player Open 12"]
[Site "SchemingMind.com"]
[Date "2014.09.26"]
[Round "-"]
[White "berns"]
[Black "The Stonewall"]
[Result "1-0"]
[WhiteCountry "ENG"]
[BlackCountry "ENG"]
[WhiteElo "1679"]
[WhiteRD "73"]
[BlackElo "2293"]
[BlackRD "93"]
[GameID "364882"]

1. d4 Nf6 2. c4 Nc6 3. e3 e5 4. d5 Bb4+ 5. Bd2 Bxd2+ 6. Qxd2 Ne7 7. Nf3 d6 8. Nc3 O-O 9. e4 Bg4 10. O-O-O Bxf3
11. gxf3 Nh5 12. Rg1 Nf4 13. Rg3 Neg6 14. Ne2 Qh4 15. h3 Nh5 16. Rg2 f5 17. exf5 Rxf5 18. Ng3 Rg5 19. Ne4 Rxg2 20. Bxg2 Nhf4
21. Bf1 b6 22. Qc2 Qh5 23. Qb3 Nh4 24. Nd2 Nxh3 25. Bxh3 Rf8 26. Bg4
1-0

[Event "8 Player Open 12"]
[Site "SchemingMind.com"]
[Date "2014.09.26"]
[Round "-"]
[White "The Stonewall"]
[Black "Stephen Woodhouse"]
[Result "1-0"]
[WhiteCountry "ENG"]
[BlackCountry "ENG"]
[WhiteElo "2293"]
[WhiteRD "93"]
[BlackElo "1811"]
[BlackRD "48"]
[GameID "364883"]

1. e4 e6 2. d4 d5 3. Bd3 dxe4 4. Bxe4 Nf6 5. Bf3 Be7 6. Ne2 O-O 7. O-O c5 8. dxc5 Bxc5 9. Qxd8 Rxd8 10. Nbc3 Nc6
11. Bf4 e5 12. Bg5 Bf5 13. Rac1 Nd4 14. Nxd4 Bxd4 15. Bxf6 gxf6 16. Nd5 e4 17. Ne7+ Kf8 18. Nxf5 exf3 19. c3 fxg2 20. Kxg2 Bc5
21. Rcd1 Be7 22. Kf3 Rxd1 23. Rxd1 Rd8 24. Rxd8+ Bxd8 25. Ke4 Bc7 26. h3 Ke8 27. Ne3 Kd7 28. Kf5 Bd8 29. Ng4 Kd6 30. Nxf6 h6
31. Ng4 h5 32. Ne5 Ke7 33. c4 a6 34. b4 b6 35. Nc6+
1-0

[Event "8 Player Open 12"]
[Site "SchemingMind.com"]
[Date "2014.09.26"]
[Round "-"]
[White "Stephen Woodhouse"]
[Black "The Stonewall"]
[Result "0-1"]
[WhiteCountry "ENG"]
[BlackCountry "ENG"]
[WhiteElo "1811"]
[WhiteRD "48"]
[BlackElo "2293"]
[BlackRD "93"]
[GameID "364884"]

1. e4 c5 2. c3 g6 3. d4 cxd4 4. cxd4 d5 5. e5 Bg7 6. Nc3 Nc6 7. Bb5 f6 8. exf6 exf6 9. Nge2 Be6 10. O-O Ne7
11. Nf4 Bf7 12. Re1 O-O 13. Ne6 Bxe6 14. Rxe6 Qd7 15. Qe2 Nf5 16. Bxc6 bxc6 17. Re3 Nxe3 18. Bxe3 f5 19. Re1 f4 20. Bd2 Bxd4
0-1

[Event "8 Player Open 12"]
[Site "SchemingMind.com"]
[Date "2014.09.22"]
[Round "-"]
[White "roscoe"]
[Black "Archon"]
[Result "0-1"]
[WhiteCountry "USA"]
[BlackCountry "CAN"]
[WhiteElo "1241"]
[WhiteRD "84"]
[BlackElo "1710"]
[BlackRD "70"]
[GameID "364893"]

1. Nf3 d6 2. d4 Bg4 3. Nbd2 Nd7 4. e4 Ngf6 5. e5 dxe5 6. Be2 exd4 7. O-O e5 8. a3 Bc5 9. b4 Bb6 10. Nc4 O-O
11. Bb2 c5 12. Nxb6 Qxb6 13. c4 cxb4 14. a4 a5 15. Bd3 Nc5 16. Re1 Nxd3 17. Qxd3 Bh5 18. Nxe5 Rad8 19. Rac1 Qc5 20. Nxf7 Bxf7
21. f3 Bg6 22. Qf1 d3+ 23. Qf2 Qxf2+ 24. Kxf2 d2
0-1

[Event "8 Player Open 12"]
[Site "SchemingMind.com"]
[Date "2014.09.22"]
[Round "-"]
[White "Archon"]
[Black "roscoe"]
[Result "1-0"]
[WhiteCountry "CAN"]
[BlackCountry "USA"]
[WhiteElo "1710"]
[WhiteRD "70"]
[BlackElo "1241"]
[BlackRD "84"]
[GameID "364894"]

1. Nf3 Nf6 2. c4 c5 3. Nc3 g6 4. d4 Bg7 5. e3 cxd4 6. exd4 O-O 7. Be2 b6 8. Be3 Ng4 9. O-O Nxe3 10. fxe3 d6
11. Rc1 Bb7 12. Nd5 Bxd5 13. cxd5 a6 14. Bd3 b5 15. Qc2 Bh6 16. Rfe1 Qb6 17. Qc7 Qxc7 18. Rxc7 Re8 19. Rec1 Bxe3+ 20. Kf1 Bxc1
21. Rxc1 e5 22. dxe5 dxe5 23. Ng5 Ra7 24. Ne4 Kg7 25. d6 Nd7 26. Nc5 Rc8 27. Ne6+
1-0

[Event "8 Player Open 12"]
[Site "SchemingMind.com"]
[Date "2014.09.26"]
[Round "-"]
[White "Archon"]
[Black "The Stonewall"]
[Result "0-1"]
[WhiteCountry "CAN"]
[BlackCountry "ENG"]
[WhiteElo "1688"]
[WhiteRD "68"]
[BlackElo "2293"]
[BlackRD "93"]
[GameID "364895"]

1. Nf3 d6 2. d4 Nf6 3. Nc3 Bg4 4. e4 e6 5. Be2 Be7 6. Be3 O-O 7. O-O d5 8. e5 Nfd7 9. Qd2 c5 10. Nd1 cxd4
11. Bxd4 Nc6 12. Bc3 Bxf3 13. Bxf3 Ndxe5 14. Be2 d4
0-1

[Event "8 Player Open 12"]
[Site "SchemingMind.com"]
[Date "2014.09.26"]
[Round "-"]
[White "The Stonewall"]
[Black "Archon"]
[Result "1-0"]
[WhiteCountry "ENG"]
[BlackCountry "CAN"]
[WhiteElo "2293"]
[WhiteRD "93"]
[BlackElo "1688"]
[BlackRD "68"]
[GameID "364896"]

1. e4 d6 2. Nc3 Nf6 3. f4 d5 4. e5 Ne4 5. Qe2 Nxc3 6. dxc3 Bf5 7. Qb5+ c6 8. Qxb7 Nd7 9. Qxc6 e6 10. Bd3 Rc8
11. Qa4 Bc5 12. Nf3 Bg6 13. Bd2 O-O 14. O-O-O Rb8 15. Bxg6 hxg6 16. c4 Nb6 17. Qb5 Be7 18. cxd5 Nxd5 19. Qa4 Qb6 20. b3 Rfc8
21. Rhe1 Nc3 22. Bxc3 Rxc3 23. Re2 Rbc8 24. Rd7 Qc5 25. Qe4 a5 26. Red2 a4 27. b4 Qxb4 28. Rd8+
1-0

[Event "8 Player Open 12"]
[Site "SchemingMind.com"]
[Date "2014.09.21"]
[Round "-"]
[White "Archon"]
[Black "Eric111"]
[Result "1-0"]
[WhiteCountry "CAN"]
[BlackCountry "USA"]
[WhiteElo "1688"]
[WhiteRD "68"]
[BlackElo "1483"]
[BlackRD "46"]
[GameID "364897"]

1. Nf3 Nf6 2. c4 c5 3. Nc3 g6 4. d4 cxd4 5. Nxd4 Bg7 6. e4 d6 7. Be2 Nc6 8. Be3 O-O 9. O-O a6 10. Rc1 Nxd4
11. Bxd4 Bd7 12. Re1 Re8 13. Be3 h6 14. Qd2 Kh7 15. f4 Bg4 16. Kh1 Qd7 17. Bxg4 Nxg4 18. Bg1 f5 19. exf5 Qxf5 20. Nd5 Rac8
21. Nxe7 Rxe7 22. Rxe7
1-0

[Event "8 Player Open 12"]
[Site "SchemingMind.com"]
[Date "2014.09.21"]
[Round "-"]
[White "Eric111"]
[Black "Archon"]
[Result "0-1"]
[WhiteCountry "USA"]
[BlackCountry "CAN"]
[WhiteElo "1483"]
[WhiteRD "46"]
[BlackElo "1688"]
[BlackRD "68"]
[GameID "364898"]

1. c4 d6 2. d4 e5 3. Nc3 exd4 4. Qxd4 Nc6 5. Qd1 g6 6. b3 Bg7 7. Bb2 Nge7 8. e3 Bf5 9. Nf3 Qd7 10. c5 dxc5
11. Qxd7+ Bxd7 12. Be2 Nb4 13. O-O O-O-O 14. Rab1 Rhg8 15. h3 a6 16. Rfd1 h6 17. a3 Nbc6 18. Nd5 Bxb2 19. Nxe7+ Nxe7 20. Rxb2 Bc6
21. Rxd8+ Rxd8 22. Kf1 Bb5 23. Bxb5 axb5 24. Ke2 f6 25. Rd2 Rxd2+ 26. Kxd2 Nf5 27. Kd3 Nd6 28. Nd2 f5 29. f4 Kd7 30. g4 fxg4
31. hxg4 h5 32. gxh5 gxh5 33. Nf3 c4+ 34. bxc4 bxc4+ 35. Kc3 b5 36. Ng5 c5 37. e4 h4 38. f5 Ke7 39. Kc2 Kf6 40. Nh7+ Kg7
41. Ng5 Kh6 42. Nf3 h3 43. e5 Nxf5 44. Kd2 Kh5 45. Ng1 h2
0-1

[Event "8 Player Open 12"]
[Site "SchemingMind.com"]
[Date "2014.09.21"]
[Round "-"]
[White "Archon"]
[Black "michel"]
[Result "0-1"]
[WhiteCountry "CAN"]
[BlackCountry "CAN"]
[WhiteElo "1688"]
[WhiteRD "68"]
[BlackElo "2334"]
[BlackRD "60"]
[GameID "364899"]

1. Nf3 Nc6 2. d4 d5 3. g3 Bf5 4. Bg2 Nb4 5. Na3 c6 6. c3 Na6 7. Bf4 Qb6 8. Qb3 g6 9. O-O Bh6 10. Bxh6 Nxh6
11. Ne5 O-O 12. Qxb6 axb6 13. c4 f6 14. cxd5 fxe5 15. dxc6 bxc6 16. Bxc6 Rad8 17. dxe5 Nb4 18. Bf3 Nf7 19. Nc4 Nc2 20. Rac1 Nd4
21. Nxb6 Nxe5 22. Kg2 Ndxf3 23. exf3 Rd6 24. Nc4 Nxc4 25. Rxc4 Bd3 26. Rcc1 Bxf1+ 27. Rxf1 Rd2 28. Rb1 Rb8
0-1

[Event "8 Player Open 12"]
[Site "SchemingMind.com"]
[Date "2014.09.21"]
[Round "-"]
[White "michel"]
[Black "Archon"]
[Result "1-0"]
[WhiteCountry "CAN"]
[BlackCountry "CAN"]
[WhiteElo "2334"]
[WhiteRD "60"]
[BlackElo "1688"]
[BlackRD "68"]
[GameID "364900"]

1. e4 d6 2. d4 Nf6 3. Nc3 g6 4. Nf3 Bg7 5. Be2 O-O 6. O-O c6 7. a4 Qc7 8. h3 e5 9. dxe5 dxe5 10. Bc4 Nbd7
11. Be3 b6 12. Qd2 Bb7 13. Rfd1 a6 14. Qd6 Qxd6 15. Rxd6 b5 16. Bb3 c5 17. axb5 axb5 18. Rxa8 Bxa8 19. Nxb5 Bxe4 20. Ng5 c4
21. Bxc4 Bxc2 22. Nxf7 Rxf7 23. Rd2 Ba4 24. Nd6
1-0

[Event "8 Player Open 12"]
[Site "SchemingMind.com"]
[Date "2014.09.22"]
[Round "-"]
[White "Archon"]
[Black "ray winteringham"]
[Result "1-0"]
[WhiteCountry "CAN"]
[BlackCountry "ENG"]
[WhiteElo "1688"]
[WhiteRD "68"]
[BlackElo "1522"]
[BlackRD "52"]
[GameID "364901"]

1. Nf3 Nf6 2. c4 e6 3. g3 Be7 4. Bg2 b6 5. Ne5 c6 6. O-O Qc7 7. d4 Bb7 8. Bf4 d6 9. Nd3 O-O 10. Nc3 c5
11. Rc1 cxd4 12. Nb5 Qc8 13. Nxd6 Bxd6 14. Bxd6 Re8 15. Bxb7 Qxb7 16. Bxb8 Raxb8 17. Ne5 Red8 18. b3 Ne4 19. Nf3 f6 20. Nd2 e5
21. Nxe4 Qxe4 22. Qd3 Qc6 23. Rfd1 Rbc8 24. f3 Qe6 25. Kg2 g6 26. e3 Qc6 27. exd4 Rxd4 28. Qe2 Rcd8 29. Rxd4 Rxd4 30. Rd1 Qc5
31. Rxd4 Qxd4 32. Qf2 Kf7 33. Qxd4 exd4 34. Kf2 Ke6 35. Ke2 g5 36. Kd3 Ke5 37. b4 f5 38. h3 h5 39. g4 hxg4 40. hxg4 fxg4
41. fxg4 Kf4 42. Kxd4 Kxg4 43. c5
1-0

[Event "8 Player Open 12"]
[Site "SchemingMind.com"]
[Date "2014.09.22"]
[Round "-"]
[White "ray winteringham"]
[Black "Archon"]
[Result "1-0"]
[WhiteCountry "ENG"]
[BlackCountry "CAN"]
[WhiteElo "1522"]
[WhiteRD "52"]
[BlackElo "1688"]
[BlackRD "68"]
[GameID "364902"]

1. d4 d6 2. e4 Nf6 3. Nc3 g6 4. Bd3 c6 5. Nge2 Bg7 6. Be3 O-O 7. h3 Nbd7 8. Qd2 e5 9. dxe5 dxe5 10. f4 Nh5
11. O-O-O Nxf4 12. Bxf4 exf4 13. Qxf4 Qe7 14. Qd2 Ne5 15. Kb1 Be6 16. Qe3 Nxd3 17. Rxd3 b6 18. Rhd1 Rad8 19. Nd4 Bc4 20. Nxc6
1-0

[Event "8 Player Open 12"]
[Site "SchemingMind.com"]
[Date "2014.09.22"]
[Round "-"]
[White "Archon"]
[Black "berns"]
[Result "0-1"]
[WhiteCountry "CAN"]
[BlackCountry "ENG"]
[WhiteElo "1688"]
[WhiteRD "68"]
[BlackElo "1679"]
[BlackRD "73"]
[GameID "364903"]

1. Nf3 d5 2. e3 Bg4 3. b3 e6 4. Bb2 Nc6 5. Be2 Nf6 6. O-O Bd6 7. c4 O-O 8. Nc3 a6 9. d3 Ne5 10. Nxe5 Bxe5
11. Bxg4 Nxg4 12. g3 f5 13. Na4 Bxb2 14. Nxb2 b5 15. Qd2 c5 16. Rad1 d4 17. exd4 cxd4 18. Rde1 Re8 19. Nd1 h6 20. f3 Nf6
21. Nf2 Ra7 22. Nh3 g5 23. Nxg5 hxg5 24. Qxg5+ Rg7 25. Qd2 Ree7 26. Re5 Qc7 27. Qe2 bxc4 28. bxc4 Nd7 29. Rxe6 Rxg3+ 30. Kh1 Rh7
31. Rg1 Rxg1+ 32. Kxg1 Nf8 33. Re8 Rh6 34. Qg2+ Qg7 35. Qxg7+ Kxg7 36. Re5 Kf6 37. Rd5 Ne6 38. Rd6 Ke5 39. Rxa6 Rh3 40. a4 Rxf3
41. h4 Rxd3
0-1

[Event "8 Player Open 12"]
[Site "SchemingMind.com"]
[Date "2014.09.22"]
[Round "-"]
[White "berns"]
[Black "Archon"]
[Result "0-1"]
[WhiteCountry "ENG"]
[BlackCountry "CAN"]
[WhiteElo "1679"]
[WhiteRD "73"]
[BlackElo "1688"]
[BlackRD "68"]
[GameID "364904"]

1. Nf3 d6 2. g3 e5 3. c4 f5 4. d3 Nf6 5. Bg5 Be7 6. Nc3 Nc6 7. Bg2 Be6 8. O-O O-O 9. b3 h6 10. Bxf6 Bxf6
11. Rc1 Bg5 12. Nxg5 Qxg5 13. e3 f4 14. exf4 exf4 15. Qd2 Qh5 16. Rce1 Bh3 17. Bxh3 Qxh3 18. Re4 fxg3 19. hxg3 Ne5 20. f4 Ng4
21. Qg2 Qh5 22. Re7 Rae8 23. Rxe8 Rxe8 24. Rf3 Re1+ 25. Rf1 Ne3 26. Rxe1 Nxg2 27. Kxg2 Qa5 28. Rc1 Kf7 29. Kf3 Qb6 30. Nd5 Qa5
31. Rc2 c6 32. Ne3 Qh5+ 33. Kg2 g5 34. Rf2 g4 35. Kf1 Qh1+ 36. Ke2 Qa1 37. Nxg4 Qxa2+ 38. Ke3 Qxb3 39. Nxh6+ Kg6 40. Rh2 a5
41. Ng4 a4 42. Rf2 a3 43. f5+ Kf7 44. Nh6+ Kf8 45. f6 a2 46. f7 a1=Q 47. Rh2 Qe5+
0-1

[Event "8 Player Open 12"]
[Site "SchemingMind.com"]
[Date "2014.09.22"]
[Round "-"]
[White "Archon"]
[Black "Stephen Woodhouse"]
[Result "1/2-1/2"]
[WhiteCountry "CAN"]
[BlackCountry "ENG"]
[WhiteElo "1688"]
[WhiteRD "68"]
[BlackElo "1811"]
[BlackRD "48"]
[GameID "364905"]

1. Nf3 e6 2. c4 f5 3. g3 Nf6 4. Bg2 d5 5. d4 c6 6. O-O Bd6 7. b3 Qe7 8. Bb2 O-O 9. Qc1 Ne4 10. Ba3 Bd7
11. Bxd6 Qxd6 12. c5 Qc7 13. b4 f4 14. Nc3 fxg3 15. Nxe4 dxe4 16. Ne5 gxf2+ 17. Rxf2 Rxf2 18. Kxf2 Na6 19. a3 Rf8+ 20. Kg1 Be8
21. Qe3 Bg6 22. Rf1 Rxf1+ 23. Kxf1 Qe7 24. Kg1 Nb8 25. Qg3 Nd7 26. Nxd7 Qxd7 27. Qb8+ Kf7 28. Qf4+ Ke7 29. e3 Qd5 30. Qh4+ Kd7
31. Qf4 Ke7=
1/2-1/2

[Event "8 Player Open 12"]
[Site "SchemingMind.com"]
[Date "2014.09.22"]
[Round "-"]
[White "Stephen Woodhouse"]
[Black "Archon"]
[Result "1/2-1/2"]
[WhiteCountry "ENG"]
[BlackCountry "CAN"]
[WhiteElo "1811"]
[WhiteRD "48"]
[BlackElo "1688"]
[BlackRD "68"]
[GameID "364906"]

1. e4 d6 2. d4 Nf6 3. Nc3 g6 4. f4 Bg7 5. Nf3 O-O 6. Bd3 Nbd7 7. O-O e5 8. Be3 Ng4 9. Qd2 Nxe3 10. Qxe3 exd4
11. Nxd4 Nc5 12. Rad1 Nxd3 13. Rxd3 Qe7 14. Nd5 Qd8 15. f5 Be5 16. fxg6 hxg6 17. Qf3 Be6 18. Nf6+ Bxf6 19. Qxf6 Qxf6 20. Rxf6 Bd7
21. Nf3 Kg7 22. Rf4 Rh8 23. e5 Bf5 24. Rc3 dxe5 25. Nxe5 c6 26. Nc4 Rad8 27. h3 Rd1+ 28. Rf1 Rxf1+ 29. Kxf1 Rd8 30. Ke2 Rd7
31. Ne3 Be6 32. Rd3 Rxd3 33. Kxd3 Kf6 34. c4 Ke5 35. b3 Bd7 36. Nf1 Bf5+ 37. Ke3 Be4 38. g3 Bg2 39. Nd2 Bxh3 40. Nf3+ Kf6
41. Kf4 Bf5 42. g4 Bb1 43. a3 Bc2 44. b4 Bd1 45. g5+ Ke6 46. Ne5 Bc2 47. Ng4 Bb3 48. Ne5 f6 49. Nxg6 fxg5+ 50. Kxg5 Bxc4
51. Kf4 Kd5 52. Ke3 Bf1 53. Nf4+ Kc4 54. Ne6 b6 55. Nd8 Bg2 56. Kf2 Bh1 57. Ke3 Bd5 58. Nb7 Kb3 59. Kd4 Kxa3 60. Kc3 a6
61. Nd6 b5 62. Nb7 Be6 63. Nc5 Bc8 64. Nb3 Bb7 65. Nc5 a5 66. bxa5 b4+ 67. Kc2 Bc8 68. a6 Bxa6 69. Nxa6 Ka4 70. Nc5+ Kb5
71. Ne4 Kc4 72. Nd2+ Kb5 73. Kb3= c5 74. Nc4 Kc6=
1/2-1/2